000 00607nam a2200181Ia 4500
008 151018s9999 xx 000 0 und d
082 _bRBASDV36944
_a891.462
100 _aमोहन विश्वासराव
245 _aमोरुचं लग्न
250 _b1
260 _bललित नाट्य प्रकाशन
_c1970
300 _a88
600 _aमोहन विश्वासराव
630 _aमोरुचं लग्न
700 _aमोहन विश्वासराव
730 _aमोरुचं लग्न
942 _cBOOK
999 _c1036391
_d1036388